| 000 | 00743nam a22002297a 4500 | ||
|---|---|---|---|
| 005 | 20170124110144.0 | ||
| 010 | _aA-140452 | ||
| 020 |
_c29.00 _a0876920768 |
||
| 035 | _aA-140452 | ||
| 037 | _bCen Lib/Ret | ||
| 040 |
_aDPL _bEN |
||
| 082 |
_a641.10954 _bSHU |
||
| 100 |
_aShukla, P. K _933088 |
||
| 245 |
_aNutritional problems of India / _cby P. K. Shukla |
||
| 260 |
_aNew Delhi _bPrentice-Hall of India _c1982 |
||
| 270 |
_aM-97, Connaught Circus _bNew Delhi _e110001 |
||
| 300 |
_axvi,272p. _c22cm(Hb) |
||
| 500 | _aIncludes bibliographical references and index | ||
| 650 |
_aNutritionally induced diseases _933089 |
||
| 650 |
_aNutrition disorders _933090 |
||
| 942 |
_2ddc _cEN _h641.10954 _mSHU |
||
| 999 |
_c131877 _d131877 |
||